000
00394nam a22001577a 4500
003
MPLRDC
005
20220104123614.0
008
210129b ||||| |||| 00| 0 eng d
082
_a
225.4 SSFS v.2
100
_a
释圣法法师
245
_a
慈光寺佛学释疑. 第二辑
_c
260
_a
_b
慈光寺印行
_c
1990
300
_b
平
650
_a
佛教说法
942
_c
BK
_o
225.4 SSFS v.2
999
_c
12733
_d
12723